000 00480nam a2200181Ia 4500
005 20250326125807.0
008 250326s9999 xx 000 0 und d
037 _aTextbook
040 _aFMSL
_beng
_cFMSL
041 _aeng
_2eng
084 _aX:8 N4
_qFMSL
100 _aKoontz H
_9328988
245 0 _aManagemet a book of readings
_cKoontz H; O'donnell C
260 _aNY
_bNY, M G H
_c1964
300 _a563p
942 _cTB
_hX:8 N4
999 _c1279602
_d1279602